La sirena varada

Na minha lista:
Detalhes bibliográficos
Autor principal: Casona, Alejandro (Autor)
Formato: Livro
Idioma:espanhol
Publicado em: Buenos Aires Losada 1940
Assuntos:
Tags: Adicionar Tag
Sem tags, seja o primeiro a adicionar uma tag!

MARC

LEADER 00000nam a2200000 a 4500
001 UCY9746
003 CL-VaPUC
008 950720e19400000AG |||||||||||||||||spa|d
082 0 4 |a 862  |b CAS  |2 21 
100 0 |a Casona, Alejandro  |e author  |9 342288 
245 1 3 |a La sirena varada 
246 1 0 |a Prohibido suicidarse en primavera 
246 1 0 |a Entremes del mancebo que casó con mujer brava 
300 |a 227 p 
942 |c BK 
945 |d 19950720 00:00:00  |a rbrito 
260 |a Buenos Aires  |b Losada  |c 1940 
650 0 |a Dramas españoles  |9 267081 
583 |a last modification  |c 19950720 00:00:00  |k Rodrigo Vera 
999 |c 236786  |d 236784 
952 |0 0  |1 0  |4 0  |6 862_000000000000000_CAS_1940  |7 0  |8 A  |9 245118  |a BIBEDU  |b BIBEDU  |d 2019-11-18  |i 3101479  |o 862 CAS 1940  |p 3101479  |r 2019-11-18  |w 2019-11-18  |y BK  |k LIT